| 000 | 00364nam a2200145Ia 4500 | ||
|---|---|---|---|
| 005 | 20251222153523.0 | ||
| 008 | 251222s9999||||xx |||||||||||||| ||spa|| | ||
| 020 | _a9786124050466 | ||
| 082 | _a333.72/D94 | ||
| 100 | _aDourojeanni, Marc J. | ||
| 245 | 0 | _aAmazonia Probable y Deseable: | |
| 250 | _a1ra.ed. | ||
| 264 | _bFondo Editorial de la UIGV | ||
| 942 | _cLIB | ||
| 999 |
_c29785 _d29785 |
||